000 00485nam a2200217Ia 4500
003 0100
008 130307s9999 xx 000 0 und d
040 _cARRUPELIB
050 _aHM57.W343 1962
100 _aWeber, Max
245 _aBasic concepts in sociology
260 _aNew York
260 _bThe Citadel press
260 _c1962
300 _a123p.
300 _b20cm
650 _aSOCIOLOGY
650 _bEducational innovations
650 _cTeaching
942 0 0 _01
999 _c99963
_d99963